Ciencias sociales 8 : y formación ética y ciudadana /
Guardado en:
| Autor Principal: | |
|---|---|
| Otros Autores: | , , , |
| Formato: | Libro |
| Publicado: |
Buenos Aires :
Longseller,
2002
|
| Materias: | |
| Etiquetas: |
Agregar Etiqueta
Sin Etiquetas, Sea el primero en etiquetar este registro!
|
| LEADER | 01662nam a22003015a 4500 | ||
|---|---|---|---|
| 001 | CEM.cems011224 | ||
| 008 | 130507s2002##################000#0#####d | ||
| 005 | 20220705163649.0 | ||
| 003 | CEMS | ||
| 245 | 1 | 0 | |a Ciencias sociales 8 : |b y formación ética y ciudadana / |c Coordinado Por Vilma Paura ... [et Al.] |
| 260 | |a Buenos Aires : |b Longseller, |c 2002 | ||
| 300 | |a 256 p. | ||
| 500 | |a Para 8°año Egb | ||
| 505 | 0 | |a Conocer América -- Europa y la transformación del mundo: del siglo XV al siglo XVIII -- La llegada de los europeos a América: la conquista y exploración -- La vida en las sociedades americanas coloniales -- Los cambios revolucionarios en Europa y en América 1750-1820 -- Las grandes transformaciones políticas, económicas, sociales y tecnológicas: del siglo XVIII al siglo XIX -- La organización nacional: política, economía y sociedades 1820-1862 -- Estados y territorios en América latina siglos XIX y XX -- La ocupación del espacio americano y el uso de los recursos naturales -- Sistemas económicos y producción en Latinoamérica -- Población, condiciones de vida y diversidad cultural | |
| 020 | |a 9875502111 | ||
| 100 | 1 | |a Paura, Vilma | |
| 700 | 1 | |a Bachmann, Lía | |
| 700 | 1 | |a Acerbi, Marcelo | |
| 700 | 1 | |a Ajón, Andrea | |
| 700 | 1 | |a Benedetti, Alejandro | |
| 082 | 0 | 4 | |a Z302 |
| 653 | |a Ciencias sociales | ||
| 653 | |a Ciencias sociales-8º egb | ||
| 653 | |a Formación ética y ciudadana | ||
| 653 | |a Geografía américa | ||
| 653 | |a Historia américa | ||
| 859 | |a CEMS |b BIB. CEMS - 11 de abril |h 302 |i P286 |p 29344.22 |t Ej.2 |v 8° |3 8° | ||
| 859 | |a CEMS |b BIB. CEMS - 11 de abril |h 302 |i P286 |p 22103.03 |t Ej.1 |v 8º |3 8º | ||
